Guess the song with no hints - Statistics

General Stats
  • This quiz has been taken 24 times
  • The average score is 89 of 166
Answer Stats
Answer % Correct
a
95%
I
95%
the
91%
When
82%
when
82%
you
82%
an
73%
and
68%
in
68%
me
68%
she
68%
your
68%
is
59%
so
59%
what
59%
am
55%
don't
55%
not
55%
to
55%
were
55%
you're
55%
You're
55%
here
50%
I'm
50%
it
50%
have
45%
if
45%
like
45%
want
45%
was
41%
belong
36%
but
36%
creep
36%
cry
36%
eye
36%
hell
36%
just
36%
wish
36%
couldn't
32%
doing
32%
look
32%
out
32%
weirdo
32%
world
32%
beautiful
27%
fuckin
27%
happy
27%
run
27%
special
27%
angel
23%
around
23%
before
23%
body
23%
care
23%
feather
23%
float
23%
makes
23%
notice
23%
perfect
23%
running
23%
skin
23%
soul
23%
whatever
23%
again
18%
control
18%
hurts
18%
No matching quizzes found
Score Distribution
Percent of People with Each Score
Percentile by Number Answered
Your Score History
You have not taken this quiz